01619nam a2200337 i 4500003000900000005001700009008004100026020001500067040004600082041000800128082003200136092000700168099004100175100004800216245016300264264009200427300003000519336002200549337002400571338003300595504010800628546011600736650010400852650003400956651001000990856005701000905000701057942001901064999001701083952018101100EG-GICUC20260121101531.0251222m20051426su ||||fr|||| 00| 0 ara d a9660141292 a EG-GICUCbarac EG-GICUCd EG-GICUCerda0 aara04221a345.4410531bخ ا . ا04221 aLaw1 07 345.4410531 خ ا . ا 20050 aخالد خليل الظاهرeمؤلف.10aأحكام تأديب الموظفين فى المملكة العربية السعودية :bدراسة تحليلية /cخالد خليل الظاهر. 1aالرياض :bمعهد الإدارة العامة، مركز البحوث،c2005. a365 ؛ صفحةc24 سم. 2rda contentatext 2rda mediaaComputer 2rda carrieraOnline Resource aيحتوي على ارجاعات ببليوجرافية يحتوي على قائمة بالمراجع aالنص أغلبه باللغة العربية بعض النصوص الإنجليزية والفرنسية14aتأديب العاملين المدنين بالدولةxالقانون الإداري2qrmak14aتأديب الموظفين1 2qrmak40uhttps://fll.law.cu.edu.eg/fulltext/bks/B07-01643.pdf a75 2ddccBKe21n0 c52136d52136 00102ddc40718القانون الإداريaCUbLAW1d2025-12-22l0oLaw1 07 345.4410531 خ ا . أ 2005 0701643 C1 pB07-01643r2025-12-22 13:40:00t1w2025-12-22yBK